[Event "Cologne Longerich op-B 13th"]
[Site "Cologne"]
[Date "2016.08.12"]
[Round "1"]
[White "Thierkopf, Guido"]
[Black "Zilberman, Rodion"]
[Result "0-1"]
[WhiteElo "1569"]
[BlackElo "1739"]
[PlyCount "96"]
[EventDate "2016.08.12"]
[EventType "swiss"]
[EventRounds "5"]
[EventCountry "GER"]
[SourceTitle "EXT 2022"]
[Source "ChessBase"]
[SourceDate "2021.10.06"]
[SourceVersion "1"]
[SourceVersionDate "2021.10.06"]
[SourceQuality "1"]

1. e4 e6 2. d4 d5 3. e5 c5 4. c3 Nc6 5. Bb5 Qb6 6. Bxc6+ bxc6 7. Ne2 cxd4 8. cxd4 Ba6 9. Nbc3 Bb4 10. 0-0 Ne7 11. a3 Bxc3 12. bxc3 0-0 13. Bg5 Ng6 14. Re1 Rab8 15. Nf4 Nxf4 16. Bxf4 Qb3 17. Qg4 Qc2 18. Bh6 Qg6 19. Qxg6 hxg6 20. Bg5 Rb3 21. Be7 Rfb8 22. Bb4 Bc4 23. h4 Rb5 24. a4 Rb7 25. f3 Bd3 26. Kf2 Rb2+ 27. Ke3 Bc4 28. g3 Kh7 29. Rh1 f6 30. Rab1 Rxb1 31. Rxb1 a5 32. Kf4 axb4 33. cxb4 Kg8 34. g4 Rf7 35. exf6 gxf6 36. Re1 Re7 37. g5 Kf7 38. Kg4 Rb7 39. Rb1 e5 40. gxf6 exd4 41. Kg5 Rb8 42. Re1 Rb7 43. f4 d3 44. f5 gxf5 45. h5 Bb3 46. h6 d2 47. Re7+ Rxe7 48. fxe7 d1Q 0-1

[Event "Cologne Longerich op-A 12th"]
[Site "Cologne"]
[Date "2015.08.02"]
[Round "5"]
[White "Hansel, Rainer"]
[Black "Thierkopf, Guido"]
[Result "1-0"]
[WhiteElo "1925"]
[BlackElo "1764"]
[PlyCount "59"]
[EventDate "2015.07.31"]
[EventType "tourn"]
[EventRounds "5"]
[EventCountry "GER"]
[SourceTitle "EXT 2017"]
[Source "ChessBase"]
[SourceDate "2016.10.25"]
[SourceVersion "1"]
[SourceVersionDate "2016.10.25"]
[SourceQuality "1"]

1. e4 d5 2. Nc3 dxe4 3. Nxe4 Bf5 4. Ng3 Bg6 5. h4 h6 6. Nf3 Nf6 7. Ne5 Bh7 8. Qf3 Qd5 9. Qc3 Nbd7 10. Nxd7 Qxd7 11. Bc4 e6 12. d3 Be7 13. Bf4 0-0 14. Ne2 Qc6 15. Nd4 Qxg2 16. 0-0-0 Nd5 17. Qd2 Nxf4 18. Rdg1 Qxh1 19. Rxh1 Nd5 20. Qe2 Nf4 21. Qg4 e5 22. Re1 Bf6 23. Nf3 Rae8 24. d4 Ng6 25. h5 Ne7 26. dxe5 Bf5 27. Qg3 Bg5+ 28. Nxg5 hxg5 29. Qxg5 Kh8 30. h6 1-0